Controle social expresso em representaçoes sociais de violência, insegurança e medo /
En este trabajo se analizan las representaciones de violencia y sentimientos derivados -inseguridad y miedo- para dos generaciones de personas (jóvenes y adultos) moradores de los municipios de Río Grande del Sur, caracterizados por el lato índice de criminalidad. Se muestra como el análisis de las...
Guardado en:
| Hovedforfatter: | |
|---|---|
| Format: | Texto |
| Fag: | |
| Tags: |
Tilføj Tag
Ingen Tags, Vær først til at tagge denne postø!
|
MARC
| LEADER | 00000 a a2200000 04500 | ||
|---|---|---|---|
| 001 | 18331 | ||
| 003 | |||
| 040 | |||
| 100 | |a Gaviria M., Margarita Rosa | ||
| 245 | |a Controle social expresso em representaçoes sociais de violência, insegurança e medo / |c Margarita Rosa Gaviria M. | ||
| 520 | |a En este trabajo se analizan las representaciones de violencia y sentimientos derivados -inseguridad y miedo- para dos generaciones de personas (jóvenes y adultos) moradores de los municipios de Río Grande del Sur, caracterizados por el lato índice de criminalidad. Se muestra como el análisis de las representaciones sociales, elaboradas con base en discursos sobre el tema, permite aprender actos, sentimientos, valores e ideas creados por las personas, como estrategia de control social y prevención de la violencia | ||
| 650 | |a REPRESENTACION SOCIAL | ||
| 650 | |a VIOLENCIA | ||
| 650 | |a CONTROL SOCIAL | ||
| 650 | |a BRASIL | ||
| 773 | |g volumen 10, número 20; páginas 72-107 | ||
| 999 | |c 29267 |d 29267 | ||
